[Event "Budapest FS07 FM-B"]
[Site "Budapest"]
[Date "2015.07.14"]
[Round "11"]
[White "Szlenka, Attila"]
[Black "Norooz, Melika"]
[Result "0-1"]
[WhiteElo "1807"]
[BlackElo "1605"]
[PlyCount "100"]
[EventDate "2015.07.04"]
[EventType "tourn"]
[EventRounds "11"]
[EventCountry "HUN"]
[SourceTitle "CBM 167 Extra"]
[Source "ChessBase"]
[SourceDate "2015.09.14"]
[SourceVersion "1"]
[SourceVersionDate "2015.09.14"]
[SourceQuality "1"]

1. Nf3 Nf6 2. g3 d5 3. Bg2 c6 4. d3 Bg4 5. h3 Bh5 6. Nbd2 Nbd7 7. 0-0 h6 8. c4 e6 9. a3 a5 10. Qc2 g5 11. e4 dxe4 12. dxe4 g4 13. hxg4 Nxg4 14. b3 Bc5 15. Bb2 e5 16. Nh4 0-0 17. Ndf3 Kh7 18. Rad1 Qc7 19. Nf5 Rad8 20. Bc1 Ndf6 21. Rxd8 Rxd8 22. b4 axb4 23. axb4 Bxb4 24. Ne1 Ng8 25. Nd3 Bf8 26. f3 N4f6 27. Be3 Bg6 28. Bh3 Ne7 29. Nh4 Nc8 30. c5 Na7 31. Qc4 Nh5 32. Nxg6 fxg6 33. Kg2 Nb5 34. f4 exf4 35. Nxf4 Nxf4+ 36. Rxf4 Bg7 37. Rf7 Qe5 38. Rxb7 Qb2+ 39. Kf3 Nd4+ 40. Bxd4 Qxb7 41. Bxg7 Qxg7 42. Bf1 Qf6+ 43. Kg2 Rd2+ 44. Be2 Rd8 45. Qa6 Rf8 46. Bc4 Qf3+ 47. Kh2 Qf2+ 48. Kh3 h5 49. Qb7+ Kh6 50. Qc7 Qg1 0-1

[Event "Wch U12 Girls"]
[Site "Maribor"]
[Date "2012.11.10"]
[Round "3.37"]
[White "Gundogan, Sinem Cagla"]
[Black "Norooz, Melika"]
[Result "1-0"]
[WhiteElo "1660"]
[BlackElo "1375"]
[PlyCount "67"]
[EventDate "2012.11.08"]
[EventType "swiss"]
[EventRounds "11"]
[EventCountry "SLO"]
[SourceTitle "EXT 2013"]
[Source "ChessBase"]
[SourceDate "2012.11.22"]
[SourceVersion "1"]
[SourceVersionDate "2012.11.22"]
[SourceQuality "1"]

1. e4 e5 2. Nf3 Nc6 3. Bc4 Bc5 4. c3 Nf6 5. d3 a6 6. Bb3 Ba7 7. 0-0 d6 8. h3 h6 9. Re1 0-0 10. Nbd2 Be6 11. Nf1 Re8 12. Be3 Ne7 13. Bxa7 Rxa7 14. d4 exd4 15. cxd4 Ng6 16. Ng3 Qd7 17. d5 Bxh3 18. gxh3 Qxh3 19. Bc4 h5 20. Bf1 Qg4 21. Nh2 Qg5 22. Kh1 h4 23. Nf5 Nxe4 24. Qd4 Qxf5 25. Qxa7 Nxf2+ 26. Kg1 Qg5+ 27. Bg2 Nh3+ 28. Kh1 Rxe1+ 29. Rxe1 Ngf4 30. Bf3 Nd3 31. Re8+ Kh7 32. Be4+ g6 33. Bxd3 Qxd5+ 34. Be4 1-0

[Event "Wch U12 Girls"]
[Site "Maribor"]
[Date "2012.11.09"]
[Round "2.23"]
[White "Norooz, Melika"]
[Black "Martynkova, Olena"]
[Result "0-1"]
[WhiteElo "1375"]
[BlackElo "1773"]
[PlyCount "72"]
[EventDate "2012.11.08"]
[EventType "swiss"]
[EventRounds "11"]
[EventCountry "SLO"]
[SourceTitle "EXT 2013"]
[Source "ChessBase"]
[SourceDate "2012.11.22"]
[SourceVersion "1"]
[SourceVersionDate "2012.11.22"]
[SourceQuality "1"]

1. e4 e5 2. Nf3 Nc6 3. Nc3 Nf6 4. Bb5 Bb4 5. 0-0 0-0 6. d3 d6 7. Bg5 Bxc3 8. bxc3 Qe7 9. Re1 Nd8 10. d4 Ne6 11. Bc1 c5 12. Bf1 cxd4 13. cxd4 Qc7 14. Bb2 Rd8 15. d5 Nc5 16. Nd2 a5 17. Ba3 b6 18. Bxc5 Qxc5 19. Nb3 Qc7 20. Re3 Bd7 21. a4 Rdc8 22. Bd3 Qd8 23. Rg3 Qe8 24. Qc1 Nh5 25. Re3 Nf4 26. Qa3 Nxd3 27. cxd3 Rc3 28. Rc1 Rac8 29. Rxc3 Rxc3 30. Qb2 Qc8 31. d4 exd4 32. Rxc3 Qxc3 33. Qxc3 dxc3 34. Kf1 Bxa4 35. Nc1 Bc2 36. f3 b5 0-1